Województwa - quiz wielokrotnego wyboru - Statystyki

Ogólne statystyki
  • Ten quiz został rozwiązany 16 razy
    13 od ostatniego zresetowania
  • Średni wynik to 12 z 15
Statystyki odpowiedzi
Zagadnienie Odpowiedź % Poprawnych
W tym województwie urodził się Jan Paweł II Małopolskie
100%
W tym województwie znajduje się Zakopane Małopolskie
100%
Posiada największą powierzchnię Mazowieckie
100%
Posiada największą gęstość zaludnienia Śląskie
100%
Jego stolicą jest Szczecin Zachodniopomorskie
100%
Tyle jest województw 16
91%
W tym województwie leży Chełmno Kujawsko-Pomorskie
82%
Leży na tzw. Ziemiach Odzyskanych Lubuskie
82%
Jest najmniej zaludnione Opolskie
82%
Nie płynie przez nie Wisła Wielkopolskie
82%
W tym województwie leży jedyny port morski II Rzeczypospolitej Pomorskie
73%
Znajduje się tutaj jedyne w Polsce miasto na literę Ć Świętokrzyskie
73%
Znajduje się w nim najwięcej parków narodowych Małopolskie
55%
Znajduje się tutaj największa (pod względem liczby ludności) aglomeracja w Polsce Śląskie
55%
W tym województwie znajduje się najwięcej miejscowości z prawami miejskimi Wielkopolskie
36%
Nie znaleziono quizów pasujących do podanych kryteriów
Rozkład punktacji
Procent ludzi z każdym wynikiem
Percentyl według liczby udzielonych odpowiedzi
Twoja historia wyników
Nie rozwiązałeś tego quizu od ostatniego zresetowania